LDR 00686nam a2200193 i 4500 001 000000103355 003 CaOOAMICUS 005 20260529130108.0 008 010927s1977 it u000 u ita u 040 $aSeMil$bita 245 10$aTomo secondo /$ca cura di Claudio Cesa ... [et al.]. 300 $a1042 p., [10] c. di tav., [50] p. di tav. 700 1 $aCesa, Claudio,$d <1928-2014>.$0(OLS)http://semarc/name/4141 773 0 $t4: L'età moderna.$w()6676 850 $aSeMil 852 $aSeMil$W1$xVenegono$y1$mSL1.M VI 4/2$j59816$B59816$CSeMilBibl$Z2$F44301 $8I 961 $aAcquisto: UTET (Agente) 996 $6245$aTomo secondo$9(OLS)http://semarc/title/150151